UBT Library

Green hermeticism : (Record no. 38999)

000 -LEADER
fixed length control field 00997cam a22002894a 4500
001 - CONTROL NUMBER
control field 14884273
005 - DATE AND TIME OF LATEST TRANSACTION
control field 20171215052017.0
008 - FIXED-LENGTH DATA ELEMENTS--GENERAL INFORMATION
fixed length control field 070608s2007 maua b 000 0 eng
010 ## - LIBRARY OF CONGRESS CONTROL NUMBER
LC control number 2007024038
015 ## - NATIONAL BIBLIOGRAPHY NUMBER
National bibliography number GBA747737
Source bnb
016 7# - NATIONAL BIBLIOGRAPHIC AGENCY CONTROL NUMBER
Record control number 013773108
Source Uk
020 ## - INTERNATIONAL STANDARD BOOK NUMBER
International Standard Book Number 9781584200499
020 ## - INTERNATIONAL STANDARD BOOK NUMBER
International Standard Book Number 1584200499
035 ## - SYSTEM CONTROL NUMBER
System control number (OCoLC)ocn144570877
035 ## - SYSTEM CONTROL NUMBER
System control number (OCoLC)144570877
040 ## - CATALOGING SOURCE
Original cataloging agency DLC
Transcribing agency DLC
Modifying agency DLC
041 ## - LANGUAGE CODE
Language code of text/sound track or separate title eng
080 ## - UNIVERSAL DECIMAL CLASSIFICATION NUMBER
Universal Decimal Classification number 135.45 LAM
082 00 - DEWEY DECIMAL CLASSIFICATION NUMBER
Classification number 135.45 LAM
Edition number 22
100 1# - Rafti
Rafti 9
101 ## - Shkurtesa
Shkurtesa MJE
245 10 - TITLE STATEMENT
Title Green hermeticism :
Statement of responsibility, etc Peter Lamborn Wilson, Christopher Bamford, Kevin Townley ; introduction by Pir Zia Inayat-Khan ; edited by Christopher Bamford.
504 ## - BIBLIOGRAPHY, ETC. NOTE
Bibliography, etc Includes bibliographical references (p. [203]-206).
906 ## - LOCAL DATA ELEMENT F, LDF (RLIN)
a 7
b cbc
c orignew
d 1
e ecip
f 20
g y-gencatlg
942 ## - ADDED ENTRY ELEMENTS (KOHA)
Source of classification or shelving scheme
Item type Books
Holdings
Withdrawn status Lost status Source of classification or shelving scheme Damaged status Not for loan Permanent location Current location Date acquired Total Checkouts Full call number Barcode Date last seen Price effective from Koha item type
          UBT - Lipjan UBT - Lipjan 12/15/2017   135.45 LAM 002-2939112 12/15/2017 12/15/2017 Books
UBT Library © 2015-2024. All rights reserved University Education for Business and Technology